000 00489nam a2200169 i 4500
001 88157
003 ES-MaACL
005 20230906175819.0
007 t|
008 050103s1958 sp ||||1| spa d
100 1 _aLagoma, Alfonso.
_969591
245 1 0 _aPráctica y montaje de los transistores /
_cpor Alfonso Lagoma.
250 _a1ª ed.
260 _aBarcelona :
_bJuan Bruguer,
_c1958 (
_fImp. Moderna)
300 _a238 p. :
_bil. ;
_c17 cm.
852 _aES-MaACL
_jC-14739
_bR.42581
999 _c88157
_d88157